[Event "Ruhrgebiet Verbandsklasse Gruppe 1 1819"]
[Site "Nordrheinwestfalen"]
[Date "2018.11.04"]
[Round "3.8"]
[White "Fross, Klaus"]
[Black "Lohkemper, Malte"]
[Result "1/2-1/2"]
[WhiteElo "1621"]
[BlackElo "1588"]
[PlyCount "68"]
[EventDate "2018.09.23"]
[EventType "team-tourn"]
[EventRounds "9"]
[EventCountry "GER"]
[SourceTitle "EXT 2022"]
[Source "ChessBase"]
[SourceDate "2021.10.06"]
[SourceVersion "1"]
[SourceVersionDate "2021.10.06"]
[SourceQuality "1"]
[WhiteTeam "Bergeborbeck Wacker"]
[BlackTeam "Haltern"]
[WhiteTeamCountry "GER"]
[BlackTeamCountry "GER"]

1. d4 Nf6 2. Nf3 d5 3. e3 Bf5 4. Be2 e6 5. 0-0 Be7 6. Re1 0-0 7. c4 c6 8. Nc3 Nbd7 9. h3 h6 10. Bd2 Qc7 11. Rc1 Rac8 12. a3 dxc4 13. Bxc4 Ne4 14. Nxe4 Bxe4 15. Be2 Bf6 16. Bc3 Nb6 17. Nd2 Bh7 18. Bf3 Nd5 19. Bxd5 exd5 20. b4 Qd7 21. Ba1 Rfe8 22. Qf3 Qf5 23. Qxf5 Bxf5 24. g4 Bh7 25. Kg2 Bh4 26. Rc3 Re6 27. Re2 Rce8 28. f3 f5 29. f4 fxg4 30. hxg4 Be4+ 31. Nxe4 Rxe4 32. Kf3 Bf6 33. Rcc2 Kf7 34. Bb2 Ke6 1/2-1/2